Sudden Death: US Airlines - Statistics

General Stats
  • This quiz has been taken 64 times
  • The average score is 4 of 14
Answers on the Grid
Answers color-coded by a green-red scale on the quiz's grid according to % correct below.
ABX Air
Air Wisconsin
Air Alaska
Atlas Air
Avelo Airlines
Altitude Air
CommuteAir
Cargo Lines International
Breeze
Federal Express
Grand Canyon Airlines
Kalitta Air
SkyWest
Southwest
Spirit
SunPath Airlines
Sun Country
United Parcel Service
United States Airlines
National Airways
 
Answer Stats
Answer % Correct
Southwest
69%
Spirit
64%
Sun Country
43%
SkyWest
38%
United Parcel Service
36%
Federal Express
33%
Avelo Airlines
31%
Breeze
31%
Atlas Air
29%
Air Wisconsin
19%
ABX Air
12%
CommuteAir
12%
Grand Canyon Airlines
10%
Kalitta Air
10%
No matching quizzes found
Score Distribution
Percent of People with Each Score
Percentile by Number Answered
Your Score History
You have not taken this quiz